000 00552nam a2200169Ia 4500
999 _c16714
_d16714
003 OSt
005 20200606120002.0
008 190216s9999||||xx |||||||||||||| ||und||
040 _cMESKC library
082 _a491.43321
_bCEN/H
100 _aCentral Hindi Directorate
_9228
245 0 _aHindi Malayalam English Trilingual Dictionary Vol:2 /
_cCentral Hindi Directorate
260 _bCentral Hindi Directorate,
_c1986.
_aNew Delhi:
300 _a804p
650 _aHindi
942 _cBK
_2ddc
_h491.43321
_iCEN/H
_k491.43321
_mCEN/H